Normal view
MARC view
- Ahmad, Jamil
Entry Personal Name
001 - CONTROL NUMBER
- control field: 27765
003 - CONTROL NUMBER IDENTIFIER
- control field: NUST
005 - DATE AND TIME OF LATEST TRANSACTION
- control field: 20200120151450.0
008 - FIXED-LENGTH DATA ELEMENTS
- fixed length control field: 200120|| aca||aabn | a|a d
040 ## - CATALOGING SOURCE
- Original cataloging agency: NUST
- Transcribing agency: NUST
100 ## - HEADING--PERSONAL NAME
- Personal name: Ahmad, Jamil
670 ## - SOURCE DATA FOUND
- Source citation: Work cat.: (NUST): Ahmad, Jamil, Enhancing lateral load performce of traditional timber wall (Dhajji - Dewari) by Strengthening of Joints /, 2017.
